000 00554nam a2200229Ia 4500
003 OSt
005 20230504154829.0
008 210423s2011 xx 000 0 und d
020 _a9971512815
040 _cAL
041 _aeng
082 _a530.12 MERE
_223
100 _aMERZBACHER (Eugen).
_997897
245 _aQuantum mechanics.
250 _a3
260 _aNew York
_bJohn Wiley & Sons
_c2011
300 _axvi,656
_bPB
365 _b497
_cINR
650 _aQuantum Mechanics
_997898
906 _amechanics. ; Quantum
942 _2ddc
_cBK
999 _c162084
_d162084